000 01382nam a2200253Ia 4500
999 _c36316
_d36316
001 2223
003 GE_BSU
005 20190507114533.0
008 181216s2006ge xx |||||||||||||| ||geo||
020 _a9994065661
040 _cGE_BSU
041 _ageo
080 _a37.01 ბ–20
100 _aბალანჩივაძე, იაგორ
_9845
245 _aპროექტის წერის უნარ–ჩვევები /
_cიაგორ ბალანჩივაძე ; რედ.: გიორგი ღავთაძე; აკაკი წერეთლის სახ. უნ-ტი, პედაგოგიკის დეპარტამენტი.
264 _aქუთაისი :
_bქუთაისის უნ-ტის გამ-ბა,
_c2006
300 _a136 გვ.;
_b19 სმ.
653 _aარასამთავრობო ორგანიზაციები
653 _aმარკეტინგი
653 _aგრანტები; პროექტების შედგენა
700 _aღავთაძე, გიორგი
_eრედაქტორი
_9846
710 _aაკაკი წერეთლის სახ. უნივერსიტეტიტი,
_bპედაგოგიკის დეპარტამენტი.
_9847
942 _cBK
_2udc